<?xml version="1.0" encoding="UTF-8"?><collection xmlns="info:lc/xmlns/marcxchange-v2"><record format="Unimarc" type="bibliographic"><leader>00794cam  2200241 a 450 </leader><controlfield tag="001">2282804</controlfield><controlfield tag="003">http://id.bnportugal.gov.pt/bib/porbase/2282804</controlfield><controlfield tag="005">19991013131100.0</controlfield><datafield ind1=" " ind2=" " tag="010"><subfield code="a">0-19-500456-6</subfield></datafield><datafield ind1=" " ind2=" " tag="035"><subfield code="a">UCJPII_BC_200.iso/06-12-2010/115893</subfield></datafield><datafield ind1=" " ind2=" " tag="035"><subfield code="a">117010</subfield></datafield><datafield ind1=" " ind2=" " tag="100"><subfield code="a">19991013d1971    km y0pory0103    ba</subfield></datafield><datafield ind1="0" ind2=" " tag="101"><subfield code="a">eng</subfield></datafield><datafield ind1=" " ind2=" " tag="102"><subfield code="a">US</subfield></datafield><datafield ind1="1" ind2=" " tag="200"><subfield code="a">?The ?pursuit of the millennium</subfield><subfield code="e">revolutionary millenarians and mystical anarchists of the Middle Ages</subfield><subfield code="f">Norman Cohn</subfield></datafield><datafield ind1=" " ind2=" " tag="205"><subfield code="a">Revised and expanded ed</subfield></datafield><datafield ind1=" " ind2=" " tag="210"><subfield code="a">New York</subfield><subfield code="c">Oxford University Press</subfield><subfield code="d">imp. 1971</subfield></datafield><datafield ind1=" " ind2=" " tag="215"><subfield code="a">412 p.</subfield><subfield code="c">il.</subfield><subfield code="d">21 cm</subfield></datafield><datafield ind1="2" ind2=" " tag="225"><subfield code="a">Galaxy book</subfield><subfield code="v">321</subfield></datafield><datafield ind1=" " ind2=" " tag="675"><subfield code="a">284(4)"10/15"</subfield><subfield code="v">med</subfield><subfield code="z">por</subfield></datafield><datafield ind1=" " ind2=" " tag="675"><subfield code="a">273:940"10/15"</subfield><subfield code="v">med</subfield><subfield code="z">por</subfield></datafield><datafield ind1=" " ind2=" " tag="675"><subfield code="a">940:273"10/15"</subfield><subfield code="v">med</subfield><subfield code="z">por</subfield></datafield><datafield ind1=" " ind2="1" tag="700"><subfield code="a">Cohn</subfield><subfield code="b">Norman</subfield></datafield><datafield ind1=" " ind2="0" tag="801"><subfield code="a">PT</subfield><subfield code="b">UCJPII</subfield><subfield code="g">RPC</subfield></datafield></record></collection>